Statistiques concernant Les boissons dans l'Histoire (et dans les histoires)

Cliquez ici pour prendre le quiz!

Statistiques générales

  • Ce quiz a été pris 791 fois
    (520 depuis la dernière actualisation)
  • Le résultat moyen est 8 sur 16

Statistiques - réponses

IndicePersonnage% Correct
Il a confondu du vin avec son sang. Depuis, le curé en boit tous les dimanches.Jésus Christ
96%
Il n'a pas besoin de boire de potion magique, il est tombé dedans quand il était petit.Obélix
90%
Ce comte a un penchant plutôt terrifiant pour une "boisson" rouge qui coule dans nos veines.Comte Dracula
88%
Cet homme politique Britannique adorait le champagne et détestait les Allemands.Winston Churchill
85%
Ce capitaine est un peu trop porté sur la bouteille au goût de son ami reporter Belge.Capitaine Archibald Haddock
84%
Ne lui faites jamais l'affront de lui servir un vodka martini à la cuillère!James Bond
59%
L’absinthe lui a inspiré "L'albatros", "A une passante", "L'horloge", ...Charles Baudelaire
53%
Cet homme politique Américain a déclaré que les vins de son pays étaient meilleurs que les vins Français. Sacrilège...!Donald Trump
51%
Ce philosophe Grec a dit "Le vin, c'est le lait des vieillards.".Platon
47%
On lui doit un cocktail des plus explosifs.Viatcheslav Molotov
46%
Il préfère le chocolat chaud au thé, ce qui a pour effet d'exaspérer son ami Hastings.Hercule Poirot
26%
Il est tombé dans la rivière de chocolat, et les Oompa Loompas s'en sont bien moqué.Augustus Gloop
21%
Cet acteur Français a dit "Je boirai du lait le jour où les vaches mangeront du raisin.".Jean Gabin
12%
Cet homme politique Français (radical) préférait le pastis mais détestait tout autant les Allemands.Edouard Dalladier
5%
Il adore boire de la frambouille mais déteste manger du schnockombre.Bon Gros Géant
3%
Ce roi indien connu pour avoir affronté Alexandre le Grand donnait de l'alcool à ses éléphants avant les combats pour les rendre plus agressifs.Poros
3%

Distribution des résultats

Percentile par nombre de réponses

% des personnes avec chaque résultat

Votre développement - résultats

Vous n’avez pas pris ce quiz depuis la dernière actualisation